La seguridad Social en México (Record no. 147167)

MARC details
000 -LEADER
fixed length control field nam a22 7a 4500
005 - DATE AND TIME OF LATEST TRANSACTION
control field 20190221103416.0
008 - FIXED-LENGTH DATA ELEMENTS--GENERAL INFORMATION
fixed length control field 190221b mx ||||| |||| 00| 0 spa d
020 ## - INTERNATIONAL STANDARD BOOK NUMBER
International Standard Book Number 9700771679
050 04 - LIBRARY OF CONGRESS CALL NUMBER
Classification number KGF1980
Item number M46 2007
100 1# - MAIN ENTRY--PERSONAL NAME
Personal name Mendizábal Bermúdez, Gabriela.
245 13 - TITLE STATEMENT
Title La seguridad Social en México
Statement of responsibility, etc / Gabriela Mendizábal Bermúdez ; prólogo Ángel Guillermo Ruiz Moreno.
250 ## - EDITION STATEMENT
Edition statement 1a ed.
260 ## - PUBLICATION, DISTRIBUTION, ETC. (IMPRINT)
Place of publication, distribution, etc México :
Name of publisher, distributor, etc Porrúa,
Date of publication, distribution, etc 2007.
300 ## - PHYSICAL DESCRIPTION
Extent xxvi, 476 p. ;
Dimensions 23 cm.
504 ## - BIBLIOGRAPHY, ETC. NOTE
Bibliography, etc Bibliografía : 463-476.
650 #7 - SUBJECT ADDED ENTRY--TOPICAL TERM
Source of heading or term lemb
Topical term or geographic name as entry element Seguridad social
General subdivision Leyes y legislación
Geographic subdivision México
700 1# - ADDED ENTRY--PERSONAL NAME
Personal name Ruiz Moreno, Ángel Guillermo,
Relator term prologuista
942 ## - ADDED ENTRY ELEMENTS (KOHA)
Source of classification or shelving scheme Biblioteca del Cogreso de los Estados Unidos
Koha item type Libro
Holdings
Estado de pérdida Fuente de clasificación Estado del daño No para préstamo Ubicación permanente Ubicación actual Apartado o colección Fecha de adquisición Fuente de adquisición Edición Área del conocimiento Clasificación Código de Barras Date last seen Número de copia Tipo de recurso
  Biblioteca del Cogreso de los Estados Unidos     Biblioteca Campus Lázaro Cardenas Biblioteca Campus Lázaro Cardenas General 21/02/2019 Donación 1a ed. Ciencias Sociales y Administrativas KGF1980 M46 2007 BCLC000001860 21/02/2019 1 Libro